| 000 | 00982nam a2200229Ia 4500 | ||
|---|---|---|---|
| 999 |
_c39597 _d39597 |
||
| 001 | 6197 | ||
| 003 | GE_BSU | ||
| 005 | 20190503104858.0 | ||
| 008 | 181216s1988||||ge |||||||||||||| ||geo|| | ||
| 040 | _cGE_BSU | ||
| 041 | _ageo | ||
| 080 | _a697(075) დ-23 | ||
| 100 |
_aდარჩია, გ. _9667 |
||
| 245 |
_aგათბობა და ვენტილაცია ნაწ.1 : _bსახელმძღვ. / _cგ.დარჩია ; რედ. მ.გრძელიშვილი. |
||
| 250 | _aმე-2 შევსებ. და გადამუშ. გამოც. | ||
| 264 |
_aთბილისი : _bგანათლება, _c1988. |
||
| 300 |
_a547 გვ. : _bნახაზები ; _c22 სმ. |
||
| 504 | _aბიბლიოგრ. : გვ.542. | ||
| 653 | _aგათბობა და ვენტილაცია | ||
| 700 |
_aგრძელიშვილი, მ. _eრედაქტორი _9668 |
||
| 942 |
_cBK _2udc |
||